| 000 | 00517nam a2200181 i 4500 | ||
|---|---|---|---|
| 001 | 56971 | ||
| 003 | ES-MaACL | ||
| 005 | 20250809062537.0 | ||
| 007 | t| | ||
| 008 | 031014s1915 ag ||||1| spa d | ||
| 100 | 1 |
_aDobranich, Horacio H. _944942 |
|
| 245 | 1 | 3 |
_aEl Derecho _b: ensayo jurÃdico / _cHoracio H. Dobranich. |
| 260 |
_aBuenos Aires : _bLibrerÃa de Bonmati, hijo, _c1915. |
||
| 300 |
_a43 p. ; _c18 cm. |
||
| 650 | 0 | 7 |
_aDerecho _2embne _911602 |
| 852 |
_aES-MaACL _j1516-F-18 |
||
| 999 |
_c56971 _d56971 |
||